000 00261nam a2200121Ia 4500
008 190216s9999||||xx |||||||||||||| ||und||
100 _aRamesh Vattingavil
245 0 _aMaunam Parayunnu
260 _bLipi Pub
300 _a64
650 _aNovel
942 _cBK
999 _c28824
_d28824